000 01074nab a22002297a 4500
999 _c5579
_d5579
003 OSt
005 20251219094748.0
008 190429b xxu||||| |||| 00| 0 spa d
040 _cPJ
100 _96513
_aDaruich, Vanesa
245 1 0 _aReflexiones sobre el robo con armas propias e impropias /
_cVanesa Daruich.
260 _cCiudad Autónoma de Buenos Aires :
_aThomson Reuters La Ley,
_b2025.
300 _ap. 12-20
500 _aCita: TR LALEY AR/DOC/1065/2025.
505 _aSumario: I. Introducción y antecedentes normativos.— II. Marco regulatorio penal actual del derecho de propiedad.— III. La problemática en el uso de armas impropias en el delito de robo.— IV. Conclusión.
505 _tSi te interesa el texto completo, solicitalo a koha@justierradelfuego.gov.ar
650 0 _9343
_aDERECHO PENAL
650 0 _93136
_aDELITOS
650 0 _93146
_aROBO CON ARMAS
773 0 _02658
_93164
_tRevista de derecho penal y criminología. Nº 5 - Junio 2025
_dCiudad Autónoma de Buenos Aires : Thomson Reuters La Ley, 2017-
_x00347914
942 _2udc
_cANA